000 01652nam a22003017a 4500
003 OSt
005 20250611163458.0
008 200203s1985 sp a|||br|||| 00| f spa d
020 _a8435507122
040 _aCO-JMCR
_cCO-JMCR
041 0 _aspa
082 _aJ-N
_bNEUb
100 1 _aNeuschäfer-Carlón, Mercedes,
_eautora
_9113
245 1 0 _aBerland, la ciudad escondida /
_cMercedes Neuschäfer-Carlón ; ilustraciones de Gerardo Amechazurra
260 _aMadrid ;
_bSusaeta,
_c1985
300 _a96 páginas :
_bilustraciones a blanco y negro ;
_c19 cm.
490 0 _aLas campanas
_v57
500 _aIncluye datos biográficos de la autora en tapa posterior.
505 0 _aCarlos -- El pasadizo secreto -- Berland -- La noche de Matusén -- El último regalo -- El sueño del gran pájaro -- Vuelta a su mundo -- Un extraño conejillo de indias -- Decisión -- El recuerdo de Berland
520 _aEn un país montañoso en el centro de Europa, vive Carlos. Carlos es bastante buen chico y un estupendo jugador de fútbol. Gracias a ello ha conseguido buenos amigos. Últimamente, sin embargo, anda Carlos preocupado: en la escuela no van bien las cosas; en el fútbol comienzan a ir mal , Carlos es pequeño y, para triunfar, necesitaría crecer, Pero Carlos no crece. Y entonces es cuando un día descubre el pasadizo secreto, que le lleva a La ciudad escondida...
521 _a
586 _aPremio Amade
650 1 4 _xCiudad escondida
_9114
_aNovela infantil española
650 1 4 _xFutbol
_9115
_aNovela infantil
650 2 4 _xTunel
_9116
_aNovela infantil
700 1 _aAmechazurra, Gerardo,
_eilustrador
_9117
942 _2ddc
_cBK
999 _c6418
_d6418